[Event "Joao Pessoa Fischer Memorial 7th"]
[Site "Joao Pessoa"]
[Date "2016.03.12"]
[Round "3"]
[White "Galindo, Tome H Brasil"]
[Black "Oliveira Jr, Antonio Fernandes"]
[Result "1-0"]
[WhiteElo "2057"]
[BlackElo "1780"]
[PlyCount "45"]
[EventDate "2016.03.11"]
[EventType "swiss"]
[EventRounds "6"]
[EventCountry "BRA"]
[SourceTitle "CBM 171 Extra"]
[Source "ChessBase"]
[SourceDate "2016.04.26"]
[SourceVersion "1"]
[SourceVersionDate "2016.04.26"]
[SourceQuality "1"]

1. d4 d5 2. c4 Nf6 3. Nc3 e6 4. Bg5 h6 5. Bxf6 Qxf6 6. cxd5 Bb4 7. Qa4+ Nc6 8. dxc6 Bxc3+ 9. bxc3 0-0 10. Nf3 a6 11. e3 Qe7 12. Qb4 Qxb4 13. cxb4 bxc6 14. Ne5 Bb7 15. Rc1 a5 16. b5 cxb5 17. Bxb5 Bxg2 18. Rg1 Bd5 19. a4 f6 20. Rxc7 g5 21. Ng4 h5 22. Nh6+ Kh8 23. Bd3 1-0

[Event "Natal-ch"]
[Site "Natal"]
[Date "2016.02.07"]
[Round "3"]
[White "Jordao Barbosa, Marcio Ferre"]
[Black "Oliveira Jr, Antonio Fernandes"]
[Result "1-0"]
[WhiteElo "1987"]
[BlackElo "1796"]
[PlyCount "93"]
[EventDate "2016.02.06"]
[EventType "swiss"]
[EventRounds "6"]
[EventCountry "BRA"]
[SourceTitle "CBM 171 Extra"]
[Source "ChessBase"]
[SourceDate "2016.04.26"]
[SourceVersion "1"]
[SourceVersionDate "2016.04.26"]
[SourceQuality "1"]

1. e4 c5 2. Nf3 e6 3. d4 cxd4 4. Nxd4 Nc6 5. Nc3 Qc7 6. a3 a6 7. Nxc6 bxc6 8. Bd3 Nf6 9. Qf3 d5 10. 0-0 Bd6 11. h3 0-0 12. exd5 cxd5 13. Bg5 Be7 14. Rfe1 Rb8 15. Rab1 Bb7 16. Qe2 Ra8 17. Nd1 Qc6 18. Qf3 Qc7 19. Qf4 Qxf4 20. Bxf4 Nd7 21. b4 Bf6 22. Bd6 Rfc8 23. Ne3 Be5 24. Be7 Bf6 25. Bxf6 Nxf6 26. c4 dxc4 27. Nxc4 Rd8 28. Bf1 Be4 29. Rbd1 Bc2 30. Rxd8+ Rxd8 31. Ne5 Ra8 32. Rc1 Ba4 33. Rc5 Bb5 34. Bxb5 axb5 35. Rxb5 Nd5 36. Nc4 Kf8 37. Rb7 Ra6 38. b5 Ra4 39. Nd6 f6 40. b6 Rxa3 41. Rf7+ Kg8 42. b7 Rb3 43. Rd7 Kf8 44. Ne4 Ke8 45. Nc5 Rb5 46. Rxg7 Ne7 47. Rxh7 1-0

[Event "Natal Academia Potiguar 17th"]
[Site "Natal"]
[Date "2015.11.14"]
[Round "2.2"]
[White "Barbosa, Vitor Hugo Villar D"]
[Black "Oliveira Jr, Antonio Fernandes"]
[Result "1/2-1/2"]
[WhiteElo "1716"]
[BlackElo "1824"]
[PlyCount "118"]
[EventDate "2015.11.13"]
[EventType "tourn"]
[EventRounds "9"]
[EventCountry "BRA"]
[SourceTitle "EXT 2022"]
[Source "ChessBase"]
[SourceDate "2021.10.06"]
[SourceVersion "1"]
[SourceVersionDate "2021.10.06"]
[SourceQuality "1"]

1. d4 d5 2. c3 Nf6 3. Bg5 Ne4 4. h4 c5 5. e3 Qb6 6. Qb3 Qxb3 7. axb3 cxd4 8. exd4 Nxg5 9. hxg5 Bf5 10. Nd2 a6 11. Ngf3 Nc6 12. Nh4 Bd7 13. Nhf3 g6 14. g3 Bg7 15. Bh3 e6 16. Bg2 b5 17. b4 Ne7 18. Nb3 Nf5 19. Nc5 Bc8 20. Bf1 Nd6 21. Ne5 f6 22. gxf6 Bxf6 23. Ng4 Bg7 24. f4 0-0 25. Bd3 Nf5 26. Bxf5 exf5 27. Ne5 Bxe5 28. dxe5 Kg7 29. Kd2 h6 30. Ra5 g5 31. Rha1 Rd8 32. Ke3 gxf4+ 33. gxf4 h5 34. Nxa6 Bxa6 35. Rxa6 Rxa6 36. Rxa6 h4 37. Ra1 Kh6 38. Rh1 Kh5 39. Kf3 Rg8 40. e6 Rg3+ 41. Kf2 Rg7 42. Re1 Re7 43. Kf3 h3 44. Kg3 h2 45. Kxh2 Kg4 46. Kg2 Kxf4 47. Kf2 Kg5 48. Re5 Kf4 49. Rxd5 Rxe6 50. Rxb5 Rd6 51. Ke2 Ke4 52. Rc5 f4 53. Rc4+ Kf5 54. Kf3 Rd3+ 55. Ke2 Rh3 56. Rc8 Ke4 57. Re8+ Kd5 58. Rd8+ Ke4 59. Re8+ Kd5 1/2-1/2

[Event "Natal Academia Potiguar 15th"]
[Site "Natal"]
[Date "2015.10.07"]
[Round "8.2"]
[White "Oliveira Jr, Antonio Fernandes"]
[Black "Frankental, David"]
[Result "0-1"]
[WhiteElo "1849"]
[BlackElo "1736"]
[PlyCount "104"]
[EventDate "2015.10.02"]
[EventType "tourn"]
[EventRounds "9"]
[EventCountry "BRA"]
[SourceTitle "EXT 2022"]
[Source "ChessBase"]
[SourceDate "2021.10.06"]
[SourceVersion "1"]
[SourceVersionDate "2021.10.06"]
[SourceQuality "1"]

1. d4 d5 2. c4 c6 3. Nf3 Nf6 4. g3 g6 5. Bg2 Bg7 6. 0-0 0-0 7. Nbd2 Bf5 8. b3 Ne4 9. Bb2 Nd7 10. Nh4 Nxd2 11. Qxd2 Be6 12. cxd5 cxd5 13. e4 Nb6 14. Rac1 dxe4 15. Bxe4 Bd5 16. Bg2 Bxg2 17. Nxg2 Qd7 18. Rfe1 e6 19. Ne3 Nd5 20. Nc4 Rfc8 21. Ne5 Bxe5 22. dxe5 Rxc1 23. Rxc1 Rc8 24. Rxc8+ Qxc8 25. Qh6 Qf8 26. Qc1 Qd8 27. Qc5 b6 28. Qd4 Qc7 29. Ba3 Qc2 30. Qa4 Qb1+ 31. Kg2 b5 32. Qh4 b4 33. Bxb4 Nxb4 34. Qxb4 Qxa2 35. Qb7 a5 36. Qa8+ Kg7 37. b4 a4 38. b5 a3 39. b6 Qb2 40. b7 a2 41. b8Q Qxb8 42. Qxb8 a1Q 43. Qd6 Qa5 44. Qd4 Qa8+ 45. f3 Qa2+ 46. Kh3 Qe2 47. Qf4 Qf1+ 48. Kg4 h6 49. h4 Qb1 50. Qf6+ Kg8 51. h5 Qf5+ 52. Kh4 g5+ 0-1

[Event "Natal Academia Potiguar 15th"]
[Site "Natal"]
[Date "2015.10.04"]
[Round "5.3"]
[White "Melo, Guilherme Gama do N"]
[Black "Oliveira Jr, Antonio Fernandes"]
[Result "1/2-1/2"]
[WhiteElo "1594"]
[BlackElo "1849"]
[PlyCount "27"]
[EventDate "2015.10.02"]
[EventType "tourn"]
[EventRounds "9"]
[EventCountry "BRA"]
[SourceTitle "EXT 2022"]
[Source "ChessBase"]
[SourceDate "2021.10.06"]
[SourceVersion "1"]
[SourceVersionDate "2021.10.06"]
[SourceQuality "1"]

1. d4 d5 2. c4 c6 3. Nc3 Nf6 4. Bg5 h6 5. Bxf6 exf6 6. cxd5 cxd5 7. Qd3 Nc6 8. Nf3 Be7 9. e3 0-0 10. a3 Bg4 11. Be2 Bh5 12. Qf5 Bg6 13. Qxd5 Qb6 14. Qb5 1/2-1/2

[Event "Natal Academia Potiguar 15th"]
[Site "Natal"]
[Date "2015.10.04"]
[Round "4.4"]
[White "Oliveira Jr, Antonio Fernandes"]
[Black "Da Silva Araujo, Gabriel Victor"]
[Result "0-1"]
[WhiteElo "1849"]
[BlackElo "1729"]
[PlyCount "98"]
[EventDate "2015.10.02"]
[EventType "tourn"]
[EventRounds "9"]
[EventCountry "BRA"]
[SourceTitle "EXT 2022"]
[Source "ChessBase"]
[SourceDate "2021.10.06"]
[SourceVersion "1"]
[SourceVersionDate "2021.10.06"]
[SourceQuality "1"]

1. d4 d5 2. c4 e6 3. Nf3 Nf6 4. g3 c5 5. cxd5 Nxd5 6. Bg2 Be7 7. 0-0 0-0 8. dxc5 Bxc5 9. a3 Nc6 10. b4 Qf6 11. Ra2 Bb6 12. Rd2 a5 13. e4 Nc7 14. Bb2 Qe7 15. b5 Nb8 16. Nc3 a4 17. Ne5 Bc5 18. Nxa4 Nxb5 19. Nxc5 Qxc5 20. a4 Nc3 21. Bxc3 Qxc3 22. Rd8 Nd7 23. Rxf8+ Nxf8 24. f4 f6 25. Ng4 Bd7 26. Qb1 Bc6 27. Kh1 Rxa4 28. Rc1 Qd2 29. Rd1 Qe2 30. h3 Rxe4 31. Rg1 Rc4 32. Bxc6 bxc6 33. Qf1 Qe4+ 34. Rg2 Rc2 35. Kh2 Rxg2+ 36. Qxg2 Qxg2+ 37. Kxg2 c5 38. Kf2 Kf7 39. Ke3 Ke7 40. Kd3 Kd6 41. h4 Nd7 42. Ne3 Nb6 43. g4 c4+ 44. Kd4 e5+ 45. fxe5+ fxe5+ 46. Kc3 Nd5+ 47. Nxd5 Kxd5 48. g5 h6 49. g6 h5 0-1

[Event "Potiguar-ch sf"]
[Site "Natal"]
[Date "2015.09.05"]
[Round "2.17"]
[White "Oliveira Jr, Antonio Fernandes"]
[Black "Silva, Manoela de Lyra"]
[Result "1-0"]
[WhiteElo "1857"]
[BlackElo "1449"]
[PlyCount "43"]
[EventDate "2015.09.04"]
[EventType "swiss"]
[EventRounds "7"]
[EventCountry "BRA"]
[SourceTitle "EXT 2022"]
[Source "ChessBase"]
[SourceDate "2021.10.06"]
[SourceVersion "1"]
[SourceVersionDate "2021.10.06"]
[SourceQuality "1"]

1. d4 d5 2. c4 dxc4 3. Nf3 Nf6 4. g3 Bf5 5. Bg2 e6 6. 0-0 Nc6 7. Qa4 Be4 8. Nc3 Qd7 9. Nxe4 Nxd4 10. Nxf6+ gxf6 11. Qxd7+ Kxd7 12. Nxd4 e5 13. Nf5 c6 14. Ne3 b5 15. Ng4 Bg7 16. Bh6 Rhg8 17. Bxg7 Rxg7 18. Nxf6+ Kd6 19. Rad1+ Kc7 20. Rd7+ Kb6 21. Rfd1 Rg6 22. Rxf7 1-0

[Event "Natal Academia Potiguar 8th"]
[Site "Natal"]
[Date "2015.06.07"]
[Round "4.9"]
[White "Da Silva Araujo, Gabriel Victor"]
[Black "Oliveira Jr, Antonio Fernandes"]
[Result "0-1"]
[WhiteElo "1823"]
[BlackElo "1851"]
[PlyCount "120"]
[EventDate "2015.06.05"]
[EventType "swiss"]
[EventRounds "5"]
[EventCountry "BRA"]
[SourceTitle "EXT 2022"]
[Source "ChessBase"]
[SourceDate "2021.10.06"]
[SourceVersion "1"]
[SourceVersionDate "2021.10.06"]
[SourceQuality "1"]

1. e4 c5 2. Nf3 e6 3. d4 cxd4 4. Nxd4 Nc6 5. Be3 a6 6. Be2 Nf6 7. f3 Qc7 8. Nb3 d5 9. Bd3 dxe4 10. fxe4 Bd6 11. g3 h5 12. Qe2 Ng4 13. Bg1 Nce5 14. N1d2 Nxd3+ 15. cxd3 Qc2 16. Bd4 Ne5 17. Bxe5 Bxe5 18. Nc4 Qxe2+ 19. Kxe2 Bc7 20. Rac1 b6 21. Ncd2 Bd8 22. Nc4 0-0 23. Nd4 b5 24. Nd2 Bf6 25. Ke3 Bg5+ 26. Ke2 e5 27. N4f3 Bg4 28. Rhf1 f5 29. Ke1 Bxf3 30. Rxf3 fxe4 31. Rxf8+ Rxf8 32. Rc6 Bxd2+ 33. Kxd2 Rf2+ 34. Kc3 Rxh2 35. Rxa6 exd3 36. Kxd3 Rxb2 37. Re6 Rxa2 38. Rxe5 Ra3+ 39. Ke2 b4 40. Rxh5 Rxg3 41. Rb5 b3 42. Kf2 Rh3 43. Kg2 Rc3 44. Kf1 Rc1+ 45. Ke2 Rb1 46. Kd2 Kh7 47. Kc3 Kh6 48. Rb8 Kh5 49. Rh8+ Kg4 50. Rh2 g5 51. Rh8 Kg3 52. Rg8 g4 53. Rg7 Kf3 54. Rf7+ Kg2 55. Rg7 g3 56. Rg6 Kf2 57. Rg8 g2 58. Rf8+ Ke2 59. Re8+ Kf3 60. Rf8+ Ke4 0-1

[Event "Rio Grande do Norte zt CBX"]
[Site "Natal"]
[Date "2015.03.29"]
[Round "5.9"]
[White "Frankental, David"]
[Black "Oliveira Jr, Antonio Fernandes"]
[Result "0-1"]
[WhiteElo "1769"]
[BlackElo "1840"]
[PlyCount "74"]
[EventDate "2015.03.27"]
[EventType "swiss"]
[EventRounds "5"]
[EventCountry "BRA"]
[SourceTitle "EXT 2022"]
[Source "ChessBase"]
[SourceDate "2021.10.06"]
[SourceVersion "1"]
[SourceVersionDate "2021.10.06"]
[SourceQuality "1"]

1. d4 Nf6 2. c4 g6 3. Nc3 Bg7 4. e4 d6 5. f3 0-0 6. Be3 Nbd7 7. Qd2 a6 8. Bh6 Rb8 9. Bxg7 Kxg7 10. a4 c6 11. Bd3 c5 12. d5 Ne5 13. Nge2 e6 14. 0-0 exd5 15. Nxd5 Nxd5 16. exd5 Bd7 17. Bc2 Qf6 18. b3 b5 19. f4 Ng4 20. h3 Nh6 21. axb5 axb5 22. Qc3 Nf5 23. Qxf6+ Kxf6 24. Bxf5 Bxf5 25. g4 Bd3 26. g5+ Kg7 27. Rfe1 bxc4 28. bxc4 Bxc4 29. Nc3 Rb3 30. Re3 Rfb8 31. Ra7 R8b7 32. Ra8 Rb8 33. Ra7 R3b7 34. Ra4 Bb3 35. Ra6 Rd8 36. Kf2 Bc4 37. Ne4 Bxa6 0-1

[Event "Joao Pessoa op 6th"]
[Site "Joao Pessoa"]
[Date "2015.03.13"]
[Round "1"]
[White "Andrade, Roberto Luiz Costa"]
[Black "Oliveira Jr, Antonio Fernandes"]
[Result "1-0"]
[WhiteElo "2206"]
[BlackElo "1840"]
[PlyCount "71"]
[EventDate "2015.03.13"]
[EventType "swiss"]
[EventRounds "6"]
[EventCountry "BRA"]
[SourceTitle "CBM 165 Extra"]
[Source "ChessBase"]
[SourceDate "2015.04.21"]
[SourceVersion "1"]
[SourceVersionDate "2015.04.21"]
[SourceQuality "1"]

1. e4 c5 2. Nf3 g6 3. d4 cxd4 4. Nxd4 Nc6 5. Nxc6 bxc6 6. Qd4 f6 7. Nc3 Bg7 8. Bc4 Nh6 9. 0-0 Nf7 10. Be3 0-0 11. f4 Kh8 12. Qd2 Nd6 13. Bd3 Nf7 14. Bc4 Nd6 15. Bb3 Ba6 16. Rfd1 Qc7 17. Bc5 Nc4 18. Bxc4 Bxc4 19. Bxe7 Rfe8 20. Bd6 Qb6+ 21. Qd4 Be6 22. Kh1 Bg4 23. Rd2 Be6 24. Na4 Qxd4 25. Rxd4 Bf8 26. Nc5 Bxd6 27. Rxd6 Rab8 28. b3 Rb5 29. Na6 Ra5 30. Nc7 Re7 31. a4 Rc5 32. c4 h5 33. Rc1 h4 34. e5 fxe5 35. Nxe6 Rxe6 36. Rxe6 1-0

[Event "Joao Pessoa op 6th"]
[Site "Joao Pessoa"]
[Date "2015.03.13"]
[Round "2"]
[White "Oliveira Jr, Antonio Fernandes"]
[Black "De Lima, Ednaldo Mariano Vas"]
[Result "1-0"]
[WhiteElo "1840"]
[BlackElo "1649"]
[PlyCount "117"]
[EventDate "2015.03.13"]
[EventType "swiss"]
[EventRounds "6"]
[EventCountry "BRA"]
[SourceTitle "CBM 165 Extra"]
[Source "ChessBase"]
[SourceDate "2015.04.21"]
[SourceVersion "1"]
[SourceVersionDate "2015.04.21"]
[SourceQuality "1"]

1. d4 Nf6 2. Nf3 g6 3. c4 Bg7 4. g3 d5 5. Bg2 c6 6. 0-0 0-0 7. Nbd2 Bf5 8. Nh4 Bd7 9. Qb3 Bc8 10. Re1 dxc4 11. Qxc4 Nbd7 12. e4 Nb6 13. Qc3 h6 14. a4 g5 15. Nhf3 Bg4 16. a5 Nbd7 17. Nc4 c5 18. Qb3 cxd4 19. e5 Nc5 20. Qd1 Nfd7 21. Qxd4 Bxf3 22. Bxf3 Nb3 23. Qg4 Nxa1 24. h4 f5 25. Qd4 Nc2 26. Qd5+ Kh8 27. Rd1 Qc7 28. hxg5 Nxe5 29. Nxe5 Qxe5 30. gxh6 Bf6 31. Qxb7 Qxa5 32. Bd2 Qa2 33. Bd5 Qa4 34. Bc3 Qe8 35. Bxf6+ Rxf6 36. Qxa8 Qxa8 37. Bxa8 e5 38. Rd8+ Kh7 39. Rd7+ Kxh6 40. Rxa7 Rb6 41. Rb7 Rxb7 42. Bxb7 Kg5 43. Kf1 f4 44. gxf4+ Kxf4 45. Ke2 Nd4+ 46. Kd3 Nb3 47. Bd5 Nc5+ 48. Kc4 Nd7 49. b4 e4 50. Kd4 Kf3 51. Bxe4+ Kxf2 52. Bf5 Nb8 53. b5 Kf3 54. Kc5 Kf4 55. Bc8 Ke5 56. Kb6 Kd6 57. Bh3 Kd5 58. Kb7 Kc5 59. Bf1 1-0

[Event "Potiguar-ch"]
[Site "Natal"]
[Date "2014.08.16"]
[Round "2"]
[White "Oliveira Jr, Antonio Fernandes"]
[Black "Macedo, Maximo Valerio"]
[Result "0-1"]
[WhiteElo "1848"]
[BlackElo "2102"]
[PlyCount "87"]
[EventDate "2014.08.15"]
[EventType "swiss"]
[EventRounds "9"]
[EventCountry "BRA"]
[SourceTitle "CBM 162 Extra"]
[Source "ChessBase"]
[SourceDate "2014.10.17"]
[SourceVersion "1"]
[SourceVersionDate "2014.10.17"]
[SourceQuality "1"]

1. d4 Nf6 2. c4 d6 3. Nf3 g6 4. g3 Bg7 5. Bg2 0-0 6. 0-0 c6 7. Nbd2 Qc7 8. e4 e5 9. d5 c5 10. Ne1 Na6 11. a3 Bd7 12. Nd3 Qc8 13. Rb1 Nc7 14. b4 b6 15. Bb2 Rb8 16. b5 a6 17. a4 a5 18. Qe1 Nh5 19. f4 f6 20. Bf3 Bg4 21. Qe2 Bxf3 22. Qxf3 Bh6 23. Qe2 Ng7 24. fxe5 fxe5 25. Rxf8+ Qxf8 26. Rf1 Qe7 27. Rf3 Nh5 28. Qf2 Ne8 29. Nf1 Nef6 30. Qe1 Nd7 31. Qf2 Nhf6 32. Qe1 Rf8 33. Nf2 Rf7 34. Bc1 Bxc1 35. Qxc1 Kg7 36. Ne3 Ng8 37. Qd1 Qf8 38. Kg2 Rxf3 39. Qxf3 Qxf3+ 40. Kxf3 Ngf6 41. Nd3 h6 42. h3 Nh7 43. h4 Ndf6 44. g4 0-1

[Event "Potiguar-ch"]
[Site "Natal"]
[Date "2014.08.15"]
[Round "1"]
[White "De Carvalho, Matheus Leao"]
[Black "Oliveira Jr, Antonio Fernandes"]
[Result "0-1"]
[WhiteElo "1797"]
[BlackElo "1848"]
[PlyCount "45"]
[EventDate "2014.08.15"]
[EventType "swiss"]
[EventRounds "9"]
[EventCountry "BRA"]
[SourceTitle "CBM 162 Extra"]
[Source "ChessBase"]
[SourceDate "2014.10.17"]
[SourceVersion "1"]
[SourceVersionDate "2014.10.17"]
[SourceQuality "1"]

1. e4 c5 2. Nf3 g6 3. Bc4 Nc6 4. 0-0 Bg7 5. d3 d6 6. Nc3 Nf6 7. Bg5 0-0 8. d4 cxd4 9. Nxd4 Qa5 10. Bd2 Nxd4 11. Nb5 Qb6 12. Be3 Nxe4 13. Bxd4 Bxd4 14. Qxd4 Qxd4 15. Nxd4 Nd2 16. Bd3 Nxf1 17. Kxf1 a6 18. Re1 Re8 19. Ne2 e5 20. f4 e4 21. Bc4 Be6 22. Bxe6 Rxe6 23. Nd4 0-1

[Event "Natal Potiguar op 4th"]
[Site "Natal"]
[Date "2014.07.27"]
[Round "4"]
[White "Gomes, Jose Murilo"]
[Black "Oliveira Jr, Antonio Fernandes"]
[Result "1/2-1/2"]
[WhiteElo "1856"]
[BlackElo "1848"]
[PlyCount "59"]
[EventDate "2014.07.25"]
[EventType "swiss"]
[EventRounds "5"]
[EventCountry "BRA"]
[SourceTitle "EXT 2015"]
[Source "ChessBase"]
[SourceDate "2014.11.20"]
[SourceVersion "1"]
[SourceVersionDate "2014.11.20"]
[SourceQuality "1"]

1. e4 c5 2. Nf3 g6 3. d4 cxd4 4. Nxd4 Nc6 5. Nc3 Bg7 6. Be3 Nf6 7. Qd2 0-0 8. Bc4 Ng4 9. Nxc6 bxc6 10. Bd4 Ne5 11. Bb3 d6 12. 0-0-0 Qa5 13. f3 c5 14. Bxe5 Bxe5 15. Nd5 Qxd2+ 16. Kxd2 e6 17. Ne7+ Kg7 18. Nxc8 Raxc8 19. c3 c4 20. Bc2 d5 21. Ke3 Rfd8 22. f4 Bc7 23. exd5 exd5 24. Kf3 Rb8 25. b4 Bb6 26. a4 d4 27. cxd4 Bxd4 28. b5 Bb6 29. Rxd8 Rxd8 30. Re1 1/2-1/2

[Event "Natal Potiguar op 4th"]
[Site "Natal"]
[Date "2014.07.25"]
[Round "1"]
[White "Oliveira Jr, Antonio Fernandes"]
[Black "Azevedo, Alcides Alexandre"]
[Result "0-1"]
[WhiteElo "1848"]
[BlackElo "2048"]
[PlyCount "50"]
[EventDate "2014.07.25"]
[EventType "swiss"]
[EventRounds "5"]
[EventCountry "BRA"]
[SourceTitle "EXT 2015"]
[Source "ChessBase"]
[SourceDate "2014.11.20"]
[SourceVersion "1"]
[SourceVersionDate "2014.11.20"]
[SourceQuality "1"]

1. d4 Nf6 2. c4 e6 3. g3 d5 4. Bg2 dxc4 5. Nf3 c5 6. Qa4+ Nbd7 7. 0-0 a6 8. dxc5 Bxc5 9. Qxc4 b5 10. Qc2 Bb7 11. Rd1 Rc8 12. Qb3 Bd5 13. Rxd5 exd5 14. Nc3 Qb6 15. e3 0-0 16. Ne2 Bd6 17. Nfd4 Nc5 18. Qd1 Rfd8 19. Nc3 Bf8 20. Bd2 Nce4 21. Rc1 Nxd2 22. Qxd2 Bb4 23. Nde2 Qa5 24. Qd4 Bxc3 25. Rxc3 Qxa2 0-1

[Event "Natal Potiguar op 3rd"]
[Site "Natal"]
[Date "2014.04.21"]
[Round "5"]
[White "Oliveira Jr, Antonio Fernandes"]
[Black "Macedo, Alexandre Soares"]
[Result "1/2-1/2"]
[WhiteElo "1848"]
[BlackElo "1846"]
[PlyCount "173"]
[EventDate "2014.04.18"]
[EventType "swiss"]
[EventRounds "5"]
[EventCountry "BRA"]
[SourceTitle "CBM 160 Extra"]
[Source "ChessBase"]
[SourceDate "2014.07.01"]
[SourceVersion "1"]
[SourceVersionDate "2014.07.01"]
[SourceQuality "1"]

1. d4 c5 2. d5 d6 3. c4 b5 4. e4 bxc4 5. Qa4+ Bd7 6. Qxc4 g6 7. Bd2 Bg7 8. Bc3 Nf6 9. Nf3 0-0 10. Bd3 a6 11. a4 Bg4 12. Nbd2 Nbd7 13. a5 Ne8 14. e5 Bxf3 15. Nxf3 dxe5 16. 0-0 Nd6 17. Qh4 f5 18. Ng5 h6 19. Ne6 Qe8 20. Nc7 Qf7 21. Nxa8 Rxa8 22. Qa4 Nf8 23. Qc6 Rc8 24. Qxa6 Qxd5 25. Bc4 Qxc4 26. Qxc4+ Nxc4 27. a6 Nd7 28. Rfd1 Nd6 29. b4 Nb6 30. bxc5 Rxc5 31. Ba5 Na8 32. Rdb1 Rc8 33. a7 Kf7 34. Rc1 e4 35. Rxc8 Nxc8 36. Rb1 Nxa7 37. Rb8 Nc6 38. Rxa8 Nxa5 39. Rxa5 Bd4 40. Rd5 e5 41. Rd6 e3 42. fxe3 Bxe3+ 43. Kf1 h5 44. Ke2 Bd4 45. h3 h4 46. Kf3 g5 47. Ke2 Bc3 48. Rc6 Bb4 49. Rb6 Be7 50. Rb5 Bd6 51. Rb7+ Ke6 52. Rg7 Be7 53. Rg6+ Bf6 54. Rh6 e4 55. Rh7 Ke5 56. Rb7 Kf4 57. Rb3 Bd4 58. Rb4 Bg1 59. Rb1 Bd4 60. Rb4 Ke5 61. Rb5+ Ke6 62. Rb4 Bc5 63. Rb8 Be7 64. Rb6+ Ke5 65. Rb5+ Kf4 66. Rb7 Bd6 67. Rb3 g4 68. hxg4 fxg4 69. Rb6 Bc5 70. Rc6 Bd4 71. Rc4 Bf6 72. Rc6 Bg5 73. Rc3 Bd8 74. Rc8 Kg3 75. Kf1 Bg5 76. Rc5 Bf4 77. Rc3+ e3 78. Rb3 h3 79. gxh3 Kxh3 80. Rb7 g3 81. Rh7+ Kg4 82. Kg2 Kf5 83. Kf3 e2 84. Kxe2 Kg4 85. Rg7+ Kf5 86. Kf3 Be5 87. Rxg3 1/2-1/2

[Event "Joao Pessoa op 5th"]
[Site "Joao Pessoa"]
[Date "2014.03.16"]
[Round "6"]
[White "Oliveira Jr, Antonio Fernandes"]
[Black "Arruda Filho, Ivo Pereira de"]
[Result "0-1"]
[WhiteElo "1849"]
[BlackElo "1763"]
[PlyCount "114"]
[EventDate "2014.03.14"]
[EventType "swiss"]
[EventRounds "6"]
[EventCountry "BRA"]
[SourceTitle "CBM 159 Extra"]
[Source "ChessBase"]
[SourceDate "2014.04.24"]
[SourceVersion "1"]
[SourceVersionDate "2014.04.24"]
[SourceQuality "1"]

1. d4 f5 2. Nf3 e6 3. Bg5 Nf6 4. Nc3 Be7 5. g3 0-0 6. Bg2 d6 7. 0-0 Qe8 8. Re1 Ne4 9. Bxe7 Nxc3 10. bxc3 Qxe7 11. Rb1 c6 12. Qd2 Nd7 13. e4 fxe4 14. Rxe4 Nf6 15. Re2 h6 16. c4 Qe8 17. Ne1 Qh5 18. Nf3 Ng4 19. h3 Nf6 20. c5 Ne8 21. g4 Qf7 22. cxd6 Nxd6 23. Ne5 Qf4 24. Ng6 Qxd2 25. Rxd2 Rf7 26. Ne5 Rc7 27. c4 Bd7 28. d5 exd5 29. cxd5 c5 30. Rc1 b6 31. Nc4 Nxc4 32. Rxc4 Rb8 33. d6 Rcc8 34. Bd5+ Kh8 35. Rdc2 Re8 36. Re4 Rxe4 37. Bxe4 Re8 38. f3 g5 39. Kf2 Kg7 40. Rc3 Kf6 41. Ra3 a5 42. Rb3 b5 43. Bf5 Bxf5 44. gxf5 Rb8 45. a4 b4 46. Ke3 c4 47. Rb1 Rd8 48. Kd4 c3 49. Kc4 Rxd6 50. Kb3 Kxf5 51. Re1 Re6 52. Rd1 Kf4 53. Rd5 Re5 54. Rd6 h5 55. Rb6 Kxf3 56. Rb5 Kf4 57. Rb8 g4 0-1

[Event "Joao Pessoa op 5th"]
[Site "Joao Pessoa"]
[Date "2014.03.14"]
[Round "1"]
[White "Martins, Vinicius Tine"]
[Black "Oliveira Jr, Antonio Fernandes"]
[Result "1-0"]
[WhiteElo "2348"]
[BlackElo "1849"]
[PlyCount "65"]
[EventDate "2014.03.14"]
[EventType "swiss"]
[EventRounds "6"]
[EventCountry "BRA"]
[SourceTitle "CBM 159 Extra"]
[Source "ChessBase"]
[SourceDate "2014.04.24"]
[SourceVersion "1"]
[SourceVersionDate "2014.04.24"]
[SourceQuality "1"]

1. Nf3 Nf6 2. c4 g6 3. Nc3 Bg7 4. e4 d6 5. d4 0-0 6. Be2 Nbd7 7. 0-0 e5 8. Be3 exd4 9. Nxd4 Nc5 10. f3 a5 11. Qd2 Ne8 12. Rad1 Qh4 13. Ndb5 Qe7 14. Nd5 Qd8 15. Ndxc7 Nxc7 16. Bxc5 Nxb5 17. cxb5 Be6 18. Bd4 Rc8 19. Bxg7 Kxg7 20. f4 Qb6+ 21. Kh1 Bxa2 22. b3 Bxb3 23. Qb2+ Kg8 24. Qxb3 Rc5 25. f5 Qc7 26. Qe3 Kh8 27. Qh6 Rg8 28. f6 g5 29. Bg4 Rg6 30. Qf8+ Rg8 31. Qe7 b6 32. Qxc7 Rxc7 33. Rxd6 1-0